| 000 | 00823nam a22002297a 4500 | ||
|---|---|---|---|
| 005 | 20150107142329.0 | ||
| 010 | _aBAC-CH25 | ||
| 020 |
_a9789383331116 _c175.00 |
||
| 035 | _aB-548624-659 | ||
| 035 | _aG-003121 | ||
| 037 |
_aDPL _bBookwell/vendor |
||
| 082 | _aS | ||
| 100 | _aSharma, Natasha | ||
| 245 |
_aAkbar and the tricky traitor / _cby Natasha Sharma; illustrated by Vandana Bist |
||
| 260 |
_aChennai _bDuckbill books _c2014 |
||
| 270 |
_a61 Silverline Building, Alapakkam Main Road, _bMaduravoyal, Chennai _e600095 |
||
| 300 |
_a72p. _bill. _c18cm. (pbk) |
||
| 490 | _aHistory mystery | ||
| 942 |
_2ddc _cCH _hS _mSHA |
||
| 999 |
_c86712 _d86712 |
||